|
|
|
|
| LEADER |
00000nab a2200000uu 4500 |
| 001 |
vtls011438057 |
| 003 |
SK-MaSNL |
| 005 |
20260303145644.0 |
| 008 |
230222| xo |||||||||||||||||slo| |
| 015 |
|
|
|a SNBRB
|
| 035 |
|
|
|a (urnnbn)urn:nbn:sk:snk:ar-002nws
|
| 035 |
|
|
|a (uuid)729791f5-0350-49eb-97c7-494b61fb3a00
|
| 035 |
|
|
|a urn:nbn:sk:snk-abcd2o
|
| 040 |
|
|
|a SNKBUCL
|b slo
|c SNKBUCL
|e AACR2
|
| 041 |
0 |
|
|a slo
|
| 044 |
|
|
|a xo
|c SK
|
| 100 |
1 |
|
|a Králičková, Mária
|4 aut
|9 1168366
|
| 245 |
1 |
0 |
|a Spolupráca materskej školy s prvým ročníkom základnej školy
|c Mária Králičková
|
| 773 |
0 |
|
|t Predškolská výchova : pedagogický časopis pre učiteľky materských škôl
|g Roč. 32, č. 5 (1977-1978), s. 129-132
|
| 954 |
|
|
|a odborná, vedecká literatúra pôvodná (slovenská)
|2 lita
|
| 958 |
|
|
|a OND
|
| 958 |
|
|
|a EUIPO
|
| 958 |
|
|
|a article16
|
| 999 |
|
|
|c 2004352
|d 2006282
|